Vysoké Tatry Vysoká 2565 m n. m

Bibliographic Details
Format: Postcard
Language:Slovak
PhysicalDescription:1 pohľadnica čiernobiela 14 x 9 cm
Published: [Bratislava] Tatran [medzi 1945 a 1949?]
Subjects:

MARC

LEADER 00000nkm a2200000 a 4500
001 vtls011560960
003 SK-MaSNL
005 20260512125230.0
007 kp bo
008 231214q1945 xo g kuslo
015 |a SNBG 
035 |a urn:nbn:sk:snk-km00bkxm 
035 |a urn:nbn:sk:snk-km3lnhu 
035 |a BC1E3D0D-1F40-42FB-8CB5-93E3BD0E6DF1 
040 |a SNK  |b slo  |c SNK  |e AACR2 
041 0 |a slo 
043 |a e-xo--- 
044 |a xo  |c SK 
080 |a 908(437.6)  |2 2011 
080 |a (234.374.4)  |2 2011 
080 |a (084.121)  |2 2011 
245 0 0 |a Vysoké Tatry  |h grafika  |b Vysoká 2565 m n. m 
260 |a [Bratislava]  |b Tatran  |c [medzi 1945 a 1949?] 
300 |a 1 pohľadnica  |b čiernobiela  |c 14 x 9 cm 
651 7 |a Vysoké Tatry (Poľsko a Slovensko : pohorie)  |2 SNKPHgeo  |9 67729 
651 7 |a Vysoká (Vysoké Tatry, Slovensko : vrch)  |2 SNKPH  |9 160560 
655 7 |a miestne pohľadnice  |2 SNKPH  |9 70510 
852 |a Slovenská národná knižnica 
958 |a GC 
958 |a OND 
958 |a GBN 
999 |c 1024167  |d 1026097 
952 |a SNK  |b SNK  |y PREZ  |7 0  |p 17A1178871  |o snkSP 5233  |0 0  |1 0  |4 0  |d 2016-06-17  |f 1  |l 0  |r 2026-02-24 13:34:07  |w 2026-02-24